| 000 | 01657cad a22001935a 4500 | ||
|---|---|---|---|
| 001 | L143779 | ||
| 008 | 080530e20080926xxk f v 000 0 eng d | ||
| 035 | _a(Sirsi) u143779 | ||
| 041 | 0 | _aeng | |
| 245 | 0 | 0 |
_aSafe Homes v Massingham _h[electronic resource] |
| 260 | _c2008 | ||
| 520 | _a(2007) EWHC 2556 (QBD (TCC)). Considers whether a private householder client was entitled to bring a contract with a builder to an end for repudiatory breach. Following a builder's alleged failure to complete on time, demands for money before substantial completion, failure to work to a reasonable standard and aggressive behaviour, the householder clients (M) terminated the contract for rebuilding a private home with the builder. The claimant builders (S), then sought payment of the sum outstanding under the contract. M counterclaimed for the cost of remedying breaches of contract, i.e. the cost of making good and completing the work to an appropriate standard. Held: S's claims were dismissed. S was in breach of contract due to his failure to reasonably complete on time, his 'intemperate' behaviour and in his repeated demands to be paid sums in excess of what was due. M were entitled to treat S breaches of contract as a repudiation and to bring the contract to an end. The counterclaims were recoverable and thus allowed. | ||
| 590 | _aKA | ||
| 650 | 2 | 4 | _aDEFECTIVE PREMISES ACT 1972 |
| 651 | 4 |
_aEngland and Wales _y1543- |
|
| 690 | _aBUILT ENVIRONMENT-CONSTRUCTION MANAGEMENT-BUILDING CONTRACT ADMINISTRATION | ||
| 856 | 4 | 8 |
_uhttps://www.bailii.org/ew/cases/EWHC/TCC/2007/2556.html _zView the judgment free of charge at www.baiili.org... |
| 942 | _n0 | ||
| 999 |
_c80273 _d80273 |
||